000 00479nam a2200169Ia 4500
999 _c1743
_d1743
003 OSt
005 20200924112819.0
008 190216s9999||||xx |||||||||||||| ||und||
040 _coclc
082 _a576
_bMEY/G
100 _aMeyyan, R P
_94923
245 0 _aGenetics And Biotechnology /
_cR P Meyyan ; V Kumaresan
260 _bSaras Publications,
_aNagercoil:
_c2009.
300 _a398p
650 _aBotany
942 _cBK
_2ddc
_h576
_iMEY/G
_k576
_mMEY/G